[Event "La Pobla de Lillet op"]
[Site "La Pobla de Lillet ESP"]
[Date "2019.08.10"]
[Round "9.6"]
[White "Ayza Ballester, J."]
[Black "Lopez Minguella, A."]
[Result "1-0"]
[WhiteElo "2181"]
[BlackElo "1789"]
[PlyCount "109"]
[EventDate "2019.08.02"]
[EventType "swiss"]
[EventRounds "9"]
[EventCountry "ESP"]
[SourceTitle "Ajedrez en Madrid"]
[Source "lmi"]
[SourceDate "2020.06.24"]
[SourceVersion "1"]
[SourceVersionDate "2020.06.24"]
[SourceQuality "1"]

1. e4 c5 2. Nf3 d6 3. d4 cxd4 4. Nxd4 Nf6 5. Nc3 g6 6. Be3 Bg7 7. f3 O-O 8. Bc4
Nc6 9. Bb3 Bd7 10. Qd2 Nxd4 11. Bxd4 b5 12. O-O Qc7 13. Kh1 Rab8 14. Bxf6 Bxf6
15. Nd5 Qc5 16. Nxf6+ exf6 17. Rad1 Rb6 18. Qa5 Qc7 19. Rd5 Be6 20. Rxb5 Bxb3
21. Rxb3 Qxc2 22. Rxb6 axb6 23. Qxb6 Rc8 24. h3 Qd2 25. Qf2 Qd3 26. Qe1 Rc2 27.
Rf2 Rxf2 28. Qxf2 Qb1+ 29. Kh2 Qxa2 30. Qd4 Qe6 31. b4 Kf8 32. b5 Ke7 33. f4 h5
34. Qb4 Qc8 35. e5 fxe5 36. fxe5 Qc5 37. exd6+ Qxd6+ 38. Qxd6+ Kxd6 39. Kg3 Kc5
40. Kf4 f6 41. Ke4 Kxb5 42. Kd5 g5 43. Ke6 g4 44. hxg4 hxg4 45. Kxf6 g3 46. Kf5
Kc5 47. Kf4 Kd5 48. Kxg3 Ke6 49. Kg4 Kf6 50. Kh5 Kg7 51. Kg5 Kg8 52. Kg6 Kh8
53. g4 Kg8 54. g5 Kf8 55. Kh7 1-0

[Event "La Pobla de Lillet op"]
[Site "La Pobla de Lillet ESP"]
[Date "2019.08.10"]
[Round "9.6"]
[White "Burset Camps, G."]
[Black "Taltavull Hidalgo, J."]
[Result "0-1"]
[WhiteElo "1585"]
[BlackElo "1334"]
[PlyCount "50"]
[EventDate "2019.08.02"]
[EventType "swiss"]
[EventRounds "9"]
[EventCountry "ESP"]
[SourceTitle "Ajedrez en Madrid"]
[Source "lmi"]
[SourceDate "2020.06.24"]
[SourceVersion "1"]
[SourceVersionDate "2020.06.24"]
[SourceQuality "1"]

1. d4 Nf6 2. Nf3 e6 3. c4 b6 4. Bg5 Bb4+ 5. Nbd2 h6 6. Bxf6 Qxf6 7. a3 Bxd2+ 8.
Qxd2 Bb7 9. Ne5 d6 10. Ng4 Qg6 11. f3 f5 12. Nf2 Nd7 13. e3 O-O 14. O-O-O Nf6
15. Nh3 Rfd8 16. Qf2 c5 17. Bd3 Rac8 18. Kb1 Ba6 19. e4 fxe4 20. fxe4 Nxe4 21.
Qe3 d5 22. Nf4 Qf5 23. Bxe4 dxe4 24. Rhf1 Bxc4 25. d5 Bxf1 0-1

[Event "La Pobla de Lillet op"]
[Site "La Pobla de Lillet ESP"]
[Date "2019.08.10"]
[Round "9.7"]
[White "Vidal Moll, F."]
[Black "Solsona Manonelles, J."]
[Result "1/2-1/2"]
[WhiteElo "1500"]
[BlackElo "1470"]
[PlyCount "40"]
[EventDate "2019.08.02"]
[EventType "swiss"]
[EventRounds "9"]
[EventCountry "ESP"]
[SourceTitle "Ajedrez en Madrid"]
[Source "lmi"]
[SourceDate "2020.06.24"]
[SourceVersion "1"]
[SourceVersionDate "2020.06.24"]
[SourceQuality "1"]

1. d4 d5 2. e3 e6 3. Bd3 c5 4. c3 c4 5. Bc2 Nf6 6. Nd2 Bd6 7. f4 Nc6 8. Ngf3
Ne7 9. O-O Nf5 10. Qe2 Ng4 11. Bxf5 exf5 12. Ne5 O-O 13. h3 Nf6 14. Re1 Qe7 15.
Qf3 Ne4 16. Nxe4 fxe4 17. Qg3 Qf6 18. Bd2 Bf5 19. b3 b5 20. Reb1 Rfb8 1/2-1/2

[Event "La Pobla de Lillet op"]
[Site "La Pobla de Lillet ESP"]
[Date "2019.08.10"]
[Round "9.7"]
[White "Viñals Rioja, J."]
[Black "Povill Claros, L."]
[Result "0-1"]
[WhiteElo "2051"]
[BlackElo "1678"]
[PlyCount "98"]
[EventDate "2019.08.02"]
[EventType "swiss"]
[EventRounds "9"]
[EventCountry "ESP"]
[SourceTitle "Ajedrez en Madrid"]
[Source "lmi"]
[SourceDate "2020.06.24"]
[SourceVersion "1"]
[SourceVersionDate "2020.06.24"]
[SourceQuality "1"]

1. e4 c5 2. Nc3 Nc6 3. Bb5 g6 4. Bxc6 dxc6 5. f4 Bg7 6. Nf3 Nf6 7. d3 Nd7 8.
O-O e5 9. fxe5 Nxe5 10. Nxe5 Bxe5 11. Qf3 Be6 12. Bf4 Bg7 13. Qg3 Qb6 14. Be5
O-O 15. Bxg7 Kxg7 16. Na4 Qb5 17. Qe5+ Kg8 18. b3 b6 19. Kh1 Qa6 20. Nc3 Qb7
21. Ne2 Bg4 22. Ng3 Qd7 23. Rf6 Rae8 24. Qg5 Qd4 25. Raf1 Re6 26. Rxe6 Bxe6 27.
Nh5 f5 28. Qe7 Bd7 29. Ng3 Rf7 30. Qg5 fxe4 31. Rxf7 Kxf7 32. Qf4+ Qf6 33.
Qxf6+ Kxf6 34. Nxe4+ Ke5 35. Kg1 Bf5 36. Kf2 Bxe4 37. dxe4 Kxe4 38. Ke2 c4 39.
b4 Kd4 40. Kd2 c3+ 41. Ke2 c5 42. bxc5 Kxc5 43. Kd3 Kb4 44. Kd4 Ka3 45. Kxc3
Kxa2 46. Kb4 Kb2 47. c4 Kc2 48. Kb5 Kd3 49. Kb4 a5+ 0-1

[Event "La Pobla de Lillet op"]
[Site "La Pobla de Lillet ESP"]
[Date "2019.08.10"]
[Round "9.8"]
[White "Barcelo Sola, D."]
[Black "Cervello Tost, R."]
[Result "0-1"]
[WhiteElo "2029"]
[BlackElo "2041"]
[PlyCount "102"]
[EventDate "2019.08.02"]
[EventType "swiss"]
[EventRounds "9"]
[EventCountry "ESP"]
[SourceTitle "Ajedrez en Madrid"]
[Source "lmi"]
[SourceDate "2020.06.24"]
[SourceVersion "1"]
[SourceVersionDate "2020.06.24"]
[SourceQuality "1"]

1. e4 e5 2. Nf3 Nc6 3. c3 Nf6 4. d4 exd4 5. e5 Nd5 6. Bc4 Nb6 7. Bb3 d5 8. cxd4
Be7 9. O-O Bg4 10. Be3 O-O 11. h3 Bh5 12. g4 Bg6 13. Ne1 Na5 14. f4 Nac4 15.
Ng2 Be4 16. Qe2 Rc8 17. Bf2 f6 18. f5 fxe5 19. dxe5 Kh8 20. Nc3 Nxe5 21. Nxe4
dxe4 22. Qxe4 Nd3 23. Rad1 Nxf2 24. Rxf2 Qe8 25. Kh1 Bc5 26. Qxe8 Rcxe8 27. Rc2
Bd6 28. Be6 g6 29. Nh4 gxf5 30. gxf5 Rf6 31. Rg1 Nc8 32. Rg5 Rh6 33. Rg4 Ne7
34. Rcg2 Be5 35. Re2 Bf6 36. Ree4 Rf8 37. Kh2 Bxh4 38. Rxh4 Nxf5 39. Rhf4 Rhf6
40. Re2 Nd6 41. Rxf6 Rxf6 42. Bb3 Nb5 43. Re8+ Kg7 44. Rc8 Rc6 45. Rg8+ Kf6 46.
Rf8+ Ke5 47. Kg2 h6 48. Kf2 Nd4 49. Re8+ Kf5 50. Rf8+ Ke4 51. Re8+ Kd3 0-1

[Event "La Pobla de Lillet op"]
[Site "La Pobla de Lillet ESP"]
[Date "2019.08.10"]
[Round "9.8"]
[White "Begara Rodriguez, D."]
[Black "Aballanet Beltran, E."]
[Result "0-1"]
[WhiteElo "1430"]
[BlackElo "1475"]
[PlyCount "99"]
[EventDate "2019.08.02"]
[EventType "swiss"]
[EventRounds "9"]
[EventCountry "ESP"]
[SourceTitle "Ajedrez en Madrid"]
[Source "lmi"]
[SourceDate "2020.06.24"]
[SourceVersion "1"]
[SourceVersionDate "2020.06.24"]
[SourceQuality "1"]

1. e4 e5 2. Nf3 Nc6 3. c3 Nf6 4. Qc2 Bc5 5. Nxe5 Bxf2+ 6. Kxf2 Nxe5 7. h3 d6 8.
d4 Nc6 9. Be3 O-O 10. Bd3 Nh5 11. g3 Qf6+ 12. Kg2 Qg6 13. Qf2 f5 14. Rf1 f4 15.
Nd2 Qxg3+ 16. Qxg3 Nxg3 17. Rxf4 Rxf4 18. Bxf4 Nh5 19. Bh2 Be6 20. d5 Ne5 21.
Be2 Bf7 22. Rf1 Bg6 23. Bxe5 dxe5 24. Bxh5 Bxh5 25. Rf5 Bg6 26. Rxe5 Kf7 27.
Kf3 Kf6 28. Kf4 h6 29. h4 Bf7 30. Rf5+ Ke7 31. h5 Rf8 32. Ke5 Be8 33. Rxf8 Kxf8
34. Ke6 Bxh5 35. Kd7 Be2 36. e5 g5 37. e6 Bg4 38. Ne4 Bf5 39. Ng3 Bg4 40. Kxc7
Ke8 41. Ne4 Bxe6 42. dxe6 Ke7 43. c4 Kxe6 44. c5 h5 45. Kxb7 Kf5 46. Nd6+ Kf4
47. c6 h4 48. c7 h3 49. c8=Q h2 50. Qh3 0-1

[Event "La Pobla de Lillet op"]
[Site "La Pobla de Lillet ESP"]
[Date "2019.08.10"]
[Round "9.9"]
[White "Gomez Sanchez, J."]
[Black "Rossell Aran, J."]
[Result "0-1"]
[WhiteElo "1383"]
[BlackElo "1456"]
[PlyCount "68"]
[EventDate "2019.08.02"]
[EventType "swiss"]
[EventRounds "9"]
[EventCountry "ESP"]
[SourceTitle "Ajedrez en Madrid"]
[Source "lmi"]
[SourceDate "2020.06.24"]
[SourceVersion "1"]
[SourceVersionDate "2020.06.24"]
[SourceQuality "1"]

1. d4 Nf6 2. Bf4 g6 3. c4 Bg7 4. h3 b6 5. Nc3 Bb7 6. e3 Ne4 7. Qc2 Nxc3 8. Qxc3
c5 9. O-O-O d5 10. Qb3 cxd4 11. cxd5 Qxd5 12. Bc4 Qc6 13. Kb1 O-O 14. Nf3 Na6
15. exd4 Qe4+ 16. Ka1 Qxf4 17. Rhe1 e6 18. d5 Nc5 19. Qc2 exd5 20. Bxd5 Bxd5
21. Rxd5 Rac8 22. a3 Na4 23. Re4 Rxc2 24. Rxf4 Rxb2 25. Ne5 Re2 26. Rxa4 Bxe5+
27. Kb1 Rb2+ 28. Kc1 Rc8+ 29. Kd1 Bg7 30. Rxa7 Rxf2 31. Rdd7 Bb2 32. Rdc7 Rxc7
33. Rxc7 Rxg2 34. Rb7 Bd4 0-1

[Event "La Pobla de Lillet op"]
[Site "La Pobla de Lillet ESP"]
[Date "2019.08.10"]
[Round "9.9"]
[White "Simon del Sol, J."]
[Black "Corrigüelas Armillas, F."]
[Result "1/2-1/2"]
[WhiteElo "2032"]
[BlackElo "1913"]
[PlyCount "44"]
[EventDate "2019.08.02"]
[EventType "swiss"]
[EventRounds "9"]
[EventCountry "ESP"]
[SourceTitle "Ajedrez en Madrid"]
[Source "lmi"]
[SourceDate "2020.06.24"]
[SourceVersion "1"]
[SourceVersionDate "2020.06.24"]
[SourceQuality "1"]

1. d4 e6 2. Nf3 Nf6 3. Bg5 Be7 4. e3 b6 5. Nbd2 Bb7 6. Bd3 c5 7. c3 cxd4 8.
exd4 d6 9. O-O O-O 10. Re1 Nbd7 11. a4 a6 12. Bh4 Re8 13. h3 Qc7 14. Bg3 Bf8
15. Qc2 g6 16. Ne4 Nxe4 17. Bxe4 Nf6 18. Bxb7 Qxb7 19. Nd2 Rec8 20. Ne4 Nxe4
21. Qxe4 Qxe4 22. Rxe4 b5 1/2-1/2

[Event "La Pobla de Lillet op"]
[Site "La Pobla de Lillet ESP"]
[Date "2019.08.10"]
[Round "9.10"]
[White "Fabre Massana, M."]
[Black "Pastor Alonso de Prado, A."]
[Result "0-1"]
[WhiteElo "1983"]
[BlackElo "2032"]
[PlyCount "80"]
[EventDate "2019.08.02"]
[EventType "swiss"]
[EventRounds "9"]
[EventCountry "ESP"]
[SourceTitle "Ajedrez en Madrid"]
[Source "lmi"]
[SourceDate "2020.06.24"]
[SourceVersion "1"]
[SourceVersionDate "2020.06.24"]
[SourceQuality "1"]

1. e4 e5 2. Nf3 Nc6 3. Bc4 Be7 4. c3 Nf6 5. d3 O-O 6. Bb3 d6 7. O-O Na5 8. Bc2
c5 9. Re1 h6 10. Nbd2 Nc6 11. Nf1 Re8 12. h3 Qc7 13. Ne3 Bf8 14. Nh4 g6 15. Qf3
Bg7 16. Bb3 Be6 17. Nd5 Qd8 18. g3 Bxd5 19. exd5 Nb8 20. Ng2 Nbd7 21. Bd2 b5
22. Rad1 Qc7 23. c4 e4 24. dxe4 Ne5 25. Qe2 Nxc4 26. Bxc4 Rxe4 27. Qf3 Rxc4 28.
Bxh6 Bxh6 29. Qxf6 Bg7 30. Qg5 Qd8 31. Qd2 Rb4 32. b3 Qd7 33. Kh2 a5 34. Re2 a4
35. Rde1 axb3 36. axb3 Rxb3 37. Qf4 Rb2 38. Nh4 Raa2 39. Re7 Qxe7 40. Rxe7
Rxf2+ 0-1

[Event "La Pobla de Lillet op"]
[Site "La Pobla de Lillet ESP"]
[Date "2019.08.10"]
[Round "9.10"]
[White "Molina Mañas, M."]
[Black "Serralvo Martinez, J."]
[Result "1-0"]
[WhiteElo "1613"]
[BlackElo "1458"]
[PlyCount "98"]
[EventDate "2019.08.02"]
[EventType "swiss"]
[EventRounds "9"]
[EventCountry "ESP"]
[SourceTitle "Ajedrez en Madrid"]
[Source "lmi"]
[SourceDate "2020.06.24"]
[SourceVersion "1"]
[SourceVersionDate "2020.06.24"]
[SourceQuality "1"]

1. c3 Nf6 2. d4 d5 3. Bf4 Bf5 4. Nf3 Nc6 5. e3 e6 6. Bb5 Bd6 7. Qa4 Qd7 8. Bxd6
cxd6 9. O-O O-O 10. Nbd2 a6 11. Be2 b5 12. Qd1 e5 13. Nb3 Rfe8 14. dxe5 dxe5
15. Qd2 Rad8 16. a4 Ne4 17. Qc1 Na7 18. Nbd2 Nc5 19. axb5 axb5 20. b4 Nd3 21.
Bxd3 Bxd3 22. Re1 Nc6 23. Nb3 Bc4 24. Nc5 Qe7 25. Ra6 Nb8 26. Rb6 Rc8 27. Qb1
Rc7 28. Qf5 h6 29. Qg4 Ra7 30. Rxh6 g6 31. Ng5 Nd7 32. Qh4 Qf6 33. Rh7 Re7 34.
Rh6 Ra2 35. Nxd7 Rxd7 36. Nf3 Qxh4 37. Rxh4 Rc2 38. Nxe5 Ra7 39. Nxc4 dxc4 40.
Rd1 Rxc3 41. g3 Rb3 42. Rd8+ Kg7 43. e4 Rc7 44. e5 c3 45. Rhh8 f5 46. Rdg8+ Kf7
47. Rh7+ Kxg8 48. Rxc7 Rxb4 49. Rxc3 Re4 1-0

[Event "La Pobla de Lillet op"]
[Site "La Pobla de Lillet ESP"]
[Date "2019.08.10"]
[Round "9.14"]
[White "Garcia Galeote, L."]
[Black "Vargas Rodriguez, G."]
[Result "1-0"]
[WhiteElo "1849"]
[BlackElo "1697"]
[PlyCount "81"]
[EventDate "2019.08.02"]
[EventType "swiss"]
[EventRounds "9"]
[EventCountry "ESP"]
[SourceTitle "Ajedrez en Madrid"]
[Source "lmi"]
[SourceDate "2020.06.24"]
[SourceVersion "1"]
[SourceVersionDate "2020.06.24"]
[SourceQuality "1"]

1. d4 Nf6 2. c4 e6 3. Nf3 b6 4. g3 Bb7 5. Bg2 Be7 6. O-O O-O 7. Nc3 d6 8. Qc2
Nbd7 9. e4 a6 10. h3 c5 11. d5 e5 12. a4 Ne8 13. Be3 Nc7 14. Nd2 Re8 15. Rae1
Bf8 16. f4 Rb8 17. b3 Bc8 18. Nf3 b5 19. fxe5 dxe5 20. axb5 axb5 21. Qe2 bxc4
22. bxc4 Rb3 23. Qc2 Rb4 24. Na2 Rb8 25. Bd2 Ba6 26. Ba5 Qc8 27. Ng5 Nf6 28. g4
Re7 29. d6 Ne6 30. dxe7 Bxe7 31. Nxe6 Qxe6 32. Rc1 Nd7 33. Rf3 Bg5 34. Bd2 Bxd2
35. Qxd2 Bxc4 36. Rd1 Nf6 37. Ra3 h6 38. Qd6 Qxd6 39. Rxd6 Rb1+ 40. Kh2 Rb2 41.
Nc3 1-0